Deutsche Städte anhand Ihres römischen Namens - Statistiken

Allgemein
  • Dieses Quiz wurde 519 mal gespielt
  • Das Durchschnittsergebnis liegt bei 4 aus 12
Antwortstatistiken
Römischer Name Heutiger Name % Korrekt
Bonna Bonn
100%
Colonia Claudia Ara Agrippinensium Köln
87%
Augusta Treverorum Trier
70%
Confluentes Koblenz
40%
Augusta Vindelicum Augsburg
38%
Mogontiacum Mainz
37%
Novaesium Neuss
20%
Cambodunum Kempten
12%
Colonia Ulpia Traiana Xanten
11%
Borbetomagus/Bormitomagus Worms
10%
Antunnacum Andernach
8%
Noviomagus Speyer
8%
Keine übereinstimmenden Quizze gefunden
Verteilung der Resultate
Anzahl Personen mit jedem Resultat
Perzentil nach korrekt beantworteten Fragen
Ihre Resultats-Entwicklung
Sie haben dieses Quiz noch nicht gespielt